| 000 | 00641nam a22001697a 4500 | ||
|---|---|---|---|
| 003 | MACL | ||
| 005 | 20160403123818.0 | ||
| 008 | 160403b xxu||||| |||| 00| 0 eng d | ||
| 040 | _cMACL | ||
| 041 | _aHindi | ||
| 082 | _a400 | ||
| 100 |
_aरैणा शिबन कृष्ण _950201 |
||
| 245 | _aभारीतय भाषाओं से हिन्दी में अनुवाद की समस्याऍ एक तुलनात्मक अध्ययन | ||
| 260 |
_aशिमला _bराष्ट्रपति निवास _c2006 |
||
| 650 |
_aLanguage _950203 |
||
| 942 |
_2ddc _cHIN |
||
| 999 |
_c53696 _d53696 |
||